histoire antique - mots grecs - Statistiques

Statistiques générales
  • Ce quiz a été pris 33 fois
  • Le résultat moyen est 4 sur 37
Statistiques - réponses
Réponse % Correct
signifie la cité grecque polis
93%
assemblée de 500 membres tirés au sort parmi les citoyens. Elle représente le pouvoir législatif et contrôle les magistrats, notamment les stratèges qui sont nommés pour conduire les affaires militaires. Boulè
33%
étranger à Athènes métèque
33%
assemblée du peuple athénien, Elle à pleine autorité sur les délits qui inclus la peine de mort ou des amendes de plus de 500 euros. écclésia
30%
Ce sont les esclaves de l'État attachés a un lot de terre et attribué à chaque citoyen spartiate, ils assurent le travail rural. hilotes
26%
signifie maisonnée oikos
22%
sacrifice de 100 bœufs hécatombe
19%
fait de bannir un homme pour 10 ans de la cité ostracisme
19%
lot de terre, domaine d'un citoyen spartiate kléros
15%
Education des garçons organisée par le cité de Sparte agôgé
11%
rite de passage spartiate auquel seuls les meilleurs peuvent participer cryptie
11%
assemblée spartiate qui décide de l’essentiel de la vie politique et est garante du maintien des institutions. C’est elle qui propose les lois. gérousia
11%
tribunal populaire qui siège sur l'agora à Athènes héliée
11%
Le temple c'est la demeure de dieu qui y réside souvent sous forme de statue. On retrouve les offrandes qui leur sont dédiées mais les fidèles n'entrent pas dans le temple.
les rites sont réalisés à l'extérieur du temple.
naos
11%
désigne une crise politique, une guerre civile stasis
11%
les 5 magistrats fondamentaux à Sparte. Ils ont au moins 30 ans et sont des « surveillants ».Ils ne sont pas renouvelables. éphores
7%
sacrifice ou la totalité des victimes est brûlée holocauste
7%
citoyens Spartiates, vers la fin du 6e ils sont environ 9000 puis 1500 environ 370 avant n.e Homoioi
7%
taxe commune qui varie en fonction taille de la cité Phoro
7%
Assemblée du peuple spartiate qui regroupe exclusivement les citoyens et se réunit au bord de l’Eurotas à même le sol. Apella
4%
signifie le bon ordre, bonne loi eunomia
4%
placer le pouvoir au centre pour être partagé donc égalité par rapport à la loi isonomia
4%
individu male de 18 ans né de parents citoyens depuis 451 puis réactivé en 403 Polites
4%
Alliance militaire entre deux ou plusieurs villes ou cités-États grecques, notamment durant la Ligue de Délos. symmachie
4%
manger ensemble, renvoi au fait que les spartiates prenaient leurs repas ensemble Syssitia
4%
maison commune d'hommes à Sparte Andréia
0%
action d'intenter un procès à un adversaire qu'on prétend plus riche pour faire retomber sur lui le poids de la liturgie antidosis
0%
Nom donné à la redevance que certains esclaves payaient à leurs maîtres sur les produits de leur travail. apophora
0%
autel rectangulaire/ autel rond bomos /bothros
0%
Examen que subissent les citoyens athéniens appelés à remplir des fonctions politiques. Il s'agit le plus souvent de vérifier leur capacité à s'acquitter de leur charge publique. dokimasia
0%
impôt exceptionnel sur le capital, levé par une cité pour faire face aux dépenses liées à une guerre. eisphora
0%
banquet du mariage qui dure entre 1 et 3j, conçut comme passage, il assure visibilité et légitimité au mariage Gamos
0%
Le sanctuaire, il abrite les cultes de différents dieux ou une seule divinité hieron
0%
cuisinier sacrificateur qui découpe l’animal avec la machaina mageiros
0%
Hilotes affranchis qui ont reçus des terres pour bons et loyaux services Néodamodes
0%
les accusateurs professionnels qui vivent du produit desaccusations qu’ils font. sycophantes
0%
sacrifice sanglant de type alimentaire thusia
0%
Aucun quiz correspondant
Distribution des résultats
% des personnes avec chaque résultat
Percentile par nombre de réponses
Votre historique - résultats
Vous n’avez pas pris ce quiz